000 00476nam a2200181Ia 4500
001 10174
005 20260306161812.0
008 260306t1996||||xx |||||||||||||| ||spa||
041 _aESP
082 _a907.20946
_bE92
100 _aReal Sociedad Económica de Amigos del País de las Palmas
_eAUT
245 0 _aEstudios de historiografía regional
260 _c1996
300 _a323 páginas :
_c21 cm.
650 _aGEN
654 _aCHU
942 _cLIB
_dJUS
_fJUS
_2ddc
_n
999 _c10174
_d10174